000 00607 a2200181 4500
999 _c8080
_d8080
010 _aENG-88300
020 _c450.00
_a8189102524
035 _aEN-71833
037 _bDBAD / PUB
082 1 4 _a372.86044
245 1 _aBasic aspects of teaching physical education/
_cedited by Rajesh Vaidhya; compiled by Rachna Jain
260 _aDelhi
_bPrerna Prakashan
_c2006
270 _aC-13, Plot No. D-5, Rose Apartment, Sector-14 Extn., Rohini,
_bDelhi
_e110 085
300 _a268p.
_c22cm ( Hb)
700 _aVaidhya, Rajesh
700 _aJain, Rachna
942 _adpl
_cEN
_2ddc
_h372.86044
_mBAS